<?xml version="1.0" encoding="UTF-8"?>
<record
    xmlns:xsi="http://www.w3.org/2001/XMLSchema-instance"
    xsi:schemaLocation="http://www.loc.gov/MARC21/slim http://www.loc.gov/standards/marcxml/schema/MARC21slim.xsd"
    xmlns="http://www.loc.gov/MARC21/slim">

  <leader>06101nam a2200469 a 4500</leader>
  <controlfield tag="001">dia_638</controlfield>
  <controlfield tag="003">CHAP</controlfield>
  <controlfield tag="005">20251021132500.0</controlfield>
  <controlfield tag="007">ta</controlfield>
  <controlfield tag="008">220117s1991    mx d   frm    001 0 spa d</controlfield>
  <datafield tag="010" ind1=" " ind2=" ">
    <subfield code="a">171187</subfield>
  </datafield>
  <datafield tag="040" ind1=" " ind2=" ">
    <subfield code="c">CHAP</subfield>
    <subfield code="a">mxchpua</subfield>
    <subfield code="e">rda</subfield>
  </datafield>
  <datafield tag="041" ind1="0" ind2=" ">
    <subfield code="a">spa</subfield>
    <subfield code="b">spa</subfield>
  </datafield>
  <datafield tag="090" ind1=" " ind2=" ">
    <subfield code="a">Tesis</subfield>
    <subfield code="b">M37</subfield>
    <subfield code="c">1991</subfield>
  </datafield>
  <datafield tag="100" ind1="1" ind2=" ">
    <subfield code="a">Mart&#xED;nez Gonz&#xE1;lez, M&#xE1;ximo</subfield>
  </datafield>
  <datafield tag="245" ind1="1" ind2="0">
    <subfield code="a">Torrefacci&#xF3;n del cacao (Theobroma cacao) principios para su optimizaci&#xF3;n /</subfield>
    <subfield code="c">M&#xE1;ximo Mart&#xED;nez Gonz&#xE1;lez</subfield>
  </datafield>
  <datafield tag="264" ind1=" " ind2=" ">
    <subfield code="a">Chapingo, M&#xE9;xico :</subfield>
    <subfield code="b">El autor,</subfield>
    <subfield code="c">1991</subfield>
  </datafield>
  <datafield tag="300" ind1=" " ind2=" ">
    <subfield code="a">122 hojas :</subfield>
    <subfield code="b">gr&#xE1;ficas, diagramas, tablas</subfield>
  </datafield>
  <datafield tag="336" ind1=" " ind2=" ">
    <subfield code="2">rdacontent</subfield>
    <subfield code="a">texto</subfield>
    <subfield code="b">txt</subfield>
  </datafield>
  <datafield tag="337" ind1=" " ind2=" ">
    <subfield code="2">rdamedia</subfield>
    <subfield code="a">no mediado</subfield>
    <subfield code="b">n</subfield>
  </datafield>
  <datafield tag="338" ind1=" " ind2=" ">
    <subfield code="2">rdacarrier</subfield>
    <subfield code="a">volumen</subfield>
    <subfield code="b">nc</subfield>
  </datafield>
  <datafield tag="502" ind1=" " ind2=" ">
    <subfield code="a">Tesis</subfield>
    <subfield code="b">(Ingeniero Agroindustrial) -- </subfield>
    <subfield code="c">UACh. Departamento de Ingenier&#xED;a Agroindustrial, </subfield>
    <subfield code="d">1991</subfield>
  </datafield>
  <datafield tag="504" ind1=" " ind2=" ">
    <subfield code="a">Bibliograf&#xED;a: hojas 120-122</subfield>
  </datafield>
  <datafield tag="520" ind1="3" ind2=" ">
    <subfield code="a">El en presente trabajo de investigaci&#xF3;n forma parte del proyecto global de investigaci&#xF3;n "El sistema Agroindustrial cacao en M&#xE9;xico. Tendencias, problem&#xE1;tica y alternativas". Coordinado por el Programa Interdepartamental Integraci&#xF3;n Agricultura Industria (PIIAl) y que se realiz&#xF3; bajo la direcci&#xF3;n del Centro Universitario del Sureste (CRUSE) el Departamento de Ingenier&#xED;a Agroindustrial de la Universidad Aut&#xF3;noma Chapingo. El trabajo de investigaci&#xF3;n, en su contexto particular, se ubica dentro de la ingenier&#xED;a y optimizaci&#xF3;n de procesos agroindustriales. Para el experimento se utilizaron 2 niveles de estudio: planta piloto y planta industrial, en donde en el primer caso se evaluaron los efectos de tratamientos con 3 temperaturas (160 &#xB0;C, 159 &#xB0;C y 140 C) y 3 tiempos (35 min, 30 min y 25 min) en la torrefacci&#xF3;n de cacao lavado y cacao fermentado, tomando como variables de respuesta la variaci&#xF3;n de la humedad, az&#xFA;cares reductores, acidez (expresado como &#xE1;cido ac&#xE9;tico) materia grasa; las cuales se relacionan directamente con el sabor y olor productos elaborados a base de cacao, por lo que nos interesan las mayor es reducciones en el contenido de cada una de las  variables de respuesta, excepto la materia grasa ; pues de &#xE9;sta se busca que no experimente cambios durante la torrefacci&#xF3;n. As&#xED; mismo, de las muestras obtenidas se elabor&#xF3; chocolate sencillo que se evaluaron sensorialmente para observar el grado de aceptabilidad y la calidad organol&#xE9;ptica que ofrece dicho producto. En el segundo caso, solamente caracterizaron las condiciones de torrefacci&#xF3;n de diferentes mezclas de calidades de cacao (lavado, beneficiado y fermentado), tomando las mismas variables de respuesta que en el primer caso; as&#xED; como la elaboraci&#xF3;n de chocolate sencillo y la realizaci&#xF3;n de su respectivo an&#xE1;lisis sensorial. Los tiempos fueron medidos cronom&#xE9;tricamente de con un cron&#xF3;metro de marca comercial y las temperaturas se fijaron y se registraron por medio de un termopar tipo T a trav&#xE9;s de un Termocouple Calibrator/ Indicator 473 (Beckman Industrial), para controlar el registro de las temperaturas se utiliz&#xF3; un gabinete de control de 9 termopares. Se emplearon t&#xE9;cnicas estad&#xED;sticas param&#xE9;tricas y no param&#xE9;tricas para el an&#xE1;lisis de los resultados. Los resultados obtenidos indican que la humedad disminuy&#xF3; en mayor proporci&#xF3;n cuando el cacao lavado y fermentado fueron tostados a 160 &#xB0;C por 35 minutos. Los az&#xFA;cares reductores totales disminuyen en mayor proporci&#xF3;n cuando el tostado se realiza a 160 &#xB0;C por 30 min, para cacao lavado, y a 150 &#xB0; por 25 min para cacao fermentado. La presencia de acidez en cantidades m&#xED;nimas, al final de la torrefacci&#xF3;n, se obtiene si el cacao lavado es tostado a 160&#xB0;C por 30 min, y para el cacao fermentado si se realiza a la temperatura, pero a 35 minutos. La materia grasa se presenta en mayor cantidad si el cacao lavado es tostado a 140 &#xB0;C por 35 min, y 160 &#xB0;C por 35 min si el cacao es fermentado. Los resultados obtenidos para las mezclas de calidades de cacao, para el caso de la humedad, fueron que las disminuciones m&#xE1;ximas de este componente se obtuvieron en aquellas mezclas mayor proporci&#xF3;n de cacao fermentado. Los az&#xFA;cares reductores disminuyeron en mayor cantidad en aquellas mezclas con proporciones iguales de cacao fermentado y beneficiado. La acidez se redujo al m&#xE1;ximo en las mezclas realizadas con cacao fermentado y lavado en proporciones iguales. Se obtienen mayores rendimientos de materia grasa, al final la torrefacci&#xF3;n, en aquellas mezclas con cacao beneficiado (en mayor proporci&#xF3;n), cacao fermentado y cacao lavado. El contenido de materia grasa en los granos de cacao lavado es menor despu&#xE9;s de efectuar la torrefacci&#xF3;n a los niveles de tiempo y temperatura empleados en el experimento, en cambio; el contenido de materia grasa en los granos de cacao fermentado es mayor despu&#xE9;s de la torrefacci&#xF3;n a cualquiera de los niveles de tiempo y temperatura empleados en el experimento y principalmente a 160 &#xB0;C por 35 minutos. Este fen&#xF3;meno no se presenta a las condiciones de 150 &#xB0;C por 30 y 25 min, 140 &#xB0;C por 35 y 30 minutos. Para obtener un chocolate con alta calidad sensorial, es necesario realizar la torrefacci&#xF3;n a 160 &#xB0;C por 25 min en el cacao lavado, y a 140 &#xB0;C por 35 min en el cacao fermentado. Le torrefacci&#xF3;n de mezclas de mezclas de diferentes calidades de cacao, no presentan diferencias aparentes en la calidad sensorial del chocolate elaborado. </subfield>
  </datafield>
  <datafield tag="650" ind1="1" ind2="3">
    <subfield code="a">Semillas de cacao  </subfield>
    <subfield code="2">atg</subfield>
    <subfield code="x">Torrefacci&#xF3;n</subfield>
  </datafield>
  <datafield tag="650" ind1="1" ind2="3">
    <subfield code="a">Semillas de cacao</subfield>
    <subfield code="x">Secado  </subfield>
    <subfield code="2">atg</subfield>
  </datafield>
  <datafield tag="650" ind1="1" ind2="3">
    <subfield code="a">Tratamiento t&#xE9;rmico  </subfield>
    <subfield code="2">atg</subfield>
  </datafield>
  <datafield tag="650" ind1="1" ind2="3">
    <subfield code="a">Cocoa beans  </subfield>
    <subfield code="2">atg</subfield>
    <subfield code="x">Torrefaction</subfield>
  </datafield>
  <datafield tag="650" ind1="1" ind2="3">
    <subfield code="a">Cocoa beans</subfield>
    <subfield code="x">Drying  </subfield>
    <subfield code="2">atg</subfield>
  </datafield>
  <datafield tag="650" ind1="1" ind2="3">
    <subfield code="a">Heat treatment</subfield>
    <subfield code="2">atg</subfield>
  </datafield>
  <datafield tag="700" ind1="1" ind2=" ">
    <subfield code="a">Pacheco Hu&#xED;zar, Francisco</subfield>
    <subfield code="e">autor</subfield>
  </datafield>
  <datafield tag="700" ind1="1" ind2=" ">
    <subfield code="a">Santos Moreno, Armando</subfield>
    <subfield code="e">director</subfield>
  </datafield>
  <datafield tag="700" ind1="1" ind2=" ">
    <subfield code="a">Espinosa Solares, Teodoro</subfield>
    <subfield code="e">asesor</subfield>
  </datafield>
  <datafield tag="700" ind1="1" ind2=" ">
    <subfield code="a">Leyva Ruelas, Gabriel</subfield>
    <subfield code="e">asesor</subfield>
  </datafield>
  <datafield tag="901" ind1=" " ind2=" ">
    <subfield code="a">TESIS M37 1991</subfield>
  </datafield>
  <datafield tag="902" ind1=" " ind2=" ">
    <subfield code="a">M</subfield>
  </datafield>
  <datafield tag="905" ind1=" " ind2=" ">
    <subfield code="a">0000001991                          mx     0000000000spa00</subfield>
  </datafield>
  <datafield tag="942" ind1=" " ind2=" ">
    <subfield code="c">TESIS</subfield>
    <subfield code="2">Clasificaci&#xF3;n Universidad Aut&#xF3;noma Chapingo</subfield>
  </datafield>
  <datafield tag="999" ind1=" " ind2=" ">
    <subfield code="c">171187</subfield>
    <subfield code="d">171187</subfield>
  </datafield>
  <datafield tag="952" ind1=" " ind2=" ">
    <subfield code="0">0</subfield>
    <subfield code="1">0</subfield>
    <subfield code="2">local</subfield>
    <subfield code="4">0</subfield>
    <subfield code="5">5</subfield>
    <subfield code="7">0</subfield>
    <subfield code="8">TESIS</subfield>
    <subfield code="a">IA_</subfield>
    <subfield code="b">IA_</subfield>
    <subfield code="e">El autor</subfield>
    <subfield code="l">0</subfield>
    <subfield code="o">Tesis M37 1991</subfield>
    <subfield code="p">1101011416</subfield>
    <subfield code="r">2026-02-02 00:00:00</subfield>
    <subfield code="t">Ej. 2</subfield>
    <subfield code="y">TESIS</subfield>
  </datafield>
  <datafield tag="952" ind1=" " ind2=" ">
    <subfield code="0">0</subfield>
    <subfield code="1">0</subfield>
    <subfield code="2">local</subfield>
    <subfield code="4">0</subfield>
    <subfield code="5">1</subfield>
    <subfield code="7">0</subfield>
    <subfield code="8">TESIS</subfield>
    <subfield code="a">IA_</subfield>
    <subfield code="b">IA_</subfield>
    <subfield code="e">EL autor</subfield>
    <subfield code="l">0</subfield>
    <subfield code="o">Tesis M37 1991</subfield>
    <subfield code="p">1101016117</subfield>
    <subfield code="r">2026-02-02 00:00:00</subfield>
    <subfield code="t">Ej. 1</subfield>
    <subfield code="y">TESIS</subfield>
  </datafield>
</record>
